Highly Suspect - Song Quiz - Statistics

General Stats
  • This quiz has been taken 3 times
  • The average score is 44 of 60
Answer Stats
songs % Correct
16
100%
Chicago
100%
Lydia
100%
Melatonia
100%
Mexico
100%
Mister Asylum
100%
Mom
100%
My Name Is Human
100%
Natural Born Killer
100%
Run For Your Death (More Pills)
100%
Summertime Voodoo
100%
@tddybear (ft. Nothing But Thieves)
100%
Tetsuo's Bike
100%
The 8th Of October (To August 17th)
100%
Viper Strike
100%
23 (ft. Sasha Dobson)
67%
Arizona
67%
Bath Salts
67%
Bloodfeather
67%
Canals
67%
Caught On Fire
67%
Claudeland
67%
Cool Kids
67%
Fly
67%
For Billy
67%
Freakstreet
67%
FWYT
67%
Ice Cold
67%
Juzo
67%
Little One
67%
Look Alive, Stay Alive
67%
Lost
67%
Midnight Demon Club
67%
Nairobi (Outro)
67%
Need To Say
67%
New California
67%
Pink Lullabye
67%
Plastic Boxes
67%
Postres
67%
Send Me An Angel
67%
Serotonia
67%
Snow White
67%
SOS (ft. Gojira)
67%
Suicide Machine
67%
Taking Off
67%
The Blue Eyed Devil
67%
Then Mickey 2
67%
The Reset
67%
These Days
67%
The Silk Road (ft. Tee Grizzley)
67%
The Sound
67%
Tokyo Ghoul (ft. Young Thug)
67%
Upperdrugs
67%
Vanity
67%
Wild Eyed Son
67%
Wolf
67%
Champagne For Our Funeral
33%
Evangeline
33%
F**k Me Up
33%
Love Like This
33%
No matching quizzes found
Score Distribution
Percent of People with Each Score
Percentile by Number Answered
Your Score History
You have not taken this quiz